| 000 | 01461nab a22002417a 4500 | ||
|---|---|---|---|
| 999 |
_c5659 _d5659 |
||
| 003 | OSt | ||
| 005 | 20251226115255.0 | ||
| 008 | 190429b xxu||||| |||| 00| 0 spa d | ||
| 040 | _cPJ | ||
| 100 |
_96102 _aMartínez, Agustina Lara |
||
| 245 | 1 | 0 |
_aLa criminalidad juvenil, el interaccionismo simbólico y el outsider. ¿De Howard Becker a Hank Chinaski? / _cAgustina Lara Martínez. |
| 260 |
_cCiudad Autónoma de Buenos Aires : _aThomson Reuters La Ley, _b2025. |
||
| 300 | _ap. 213-226 | ||
| 500 | _aCita: TR LALEY AR/DOC/1910/2025. | ||
| 505 | _aSumario: I. Introducción.— II. El interaccionismo simbólico: apreciaciones generales y recorrido de sus máximos exponentes.— III. Los jóvenes y la etiquetación social.— IV. El rol de las interacciones con figuras de autoridad.— V. Las subculturas juveniles y el interaccionismo simbólico: una comparación con la Escuela de Chicago.— VI. Criminología y literatura: una comparación con Charles Bukowski y Enrique Symns.— VII. Algunas conclusiones. | ||
| 505 | _tSi te interesa el texto completo, solicitalo a koha@justierradelfuego.gov.ar | ||
| 650 | 0 |
_9343 _aDERECHO PENAL |
|
| 650 | 0 |
_9614 _aDERECHOS HUMANOS |
|
| 650 | 0 |
_92486 _aCRIMINOLOGÍA |
|
| 650 | 0 |
_92730 _aRÉGIMEN PENAL DE LA MINORIDAD |
|
| 773 | 0 |
_02658 _93164 _tRevista de derecho penal y criminología. Nº 8 - Septiembre 2025 _dCiudad Autónoma de Buenos Aires : Thomson Reuters La Ley, 2017- _x00347914 |
|
| 942 |
_2udc _cANA |
||